000 02011nam a2200337 i 4500
001 000045768
003 DO-SdBNP
005 20260317143036.0
007 ta
008 150511s2012 dr 000 0 spa d
040 _aDO-SdBNP
_bspa
_cBNPHU
_erda
041 _aspa
082 4 _a317.293
_bR426e 2011
_222
110 1 _aRepública Dominicana.
_bOficina Nacional de Estadística
_95775
245 1 0 _aEncuesta nacional de hogares de propósitos múltiples ENHOGAR 2011 :
_binforme general /
264 1 _aSanto Domingo :
_bONE,
_c2012.
300 _a(48) 299 páginas :
_c28 cm.
336 _atexto
_btxt
_2rdacontent
337 _asin mediación
_bn
_2rdamedia
338 _avolumen
_bnc
_2rdacarrier
500 _aAcceso de los hogares a la tecnología de la información y comunicación, seguridad ciudadana, producción agropecuaria, migración y remesas
505 2 _aÍndice general --
_tIntroducción --
_tAspectos metodológicos --
_tCaracterísticas de la vivienda --
_tCaracterísticas de los hogares --
_tCaracterísticas básicas de la población --
_tFuerza de trabajo, empleo y desempleo --
_tLa migración internacional --
_tLas remesas internacionales --
_tProducción agropecuaria --
_tEl acceso a las tecnologías de información y comunicación --
_tSeguridad ciudadana o victimización --
_tAnexo I. informe de las muestras --
_tAnexo II. Errores de muestreo --
_tAnexo III. Agrupaciones por productos --
_tAnexo IV. Lista personal de la encuesta --
_tAnexo V. Cuestionario.
590 _aInventariado,2020/ YL
650 4 _aEncuestas de viviendas
_xEstadísticas
_y2011
_zRepública Dominicana
_973842
650 7 _aMercado de trabajo
_y2011
_xEstadísticas
_zRepública Dominicana
_2LIBRUNAM
_919058
651 4 _aRepública Dominicana
_xPolítica Social
_y2011
_vEstadísticas
_973844
651 4 _xPoblación
_y2011
_vEstadísticas
_zRepública Dominicana
_973845
710 1 2 _aRepública Dominicana.
_bOficina Nacional de Estadística
_95775
910 _aValidado. Control de calidad MFF
942 _2ddc
_cLBS1
999 _c49166
_d49166